000 00246nam a2200097Ia 4500
008 230508s1999 xx 000 0 und d
041 _aeng
100 _aH. COTTON
245 _aADVANCED ELECTRICAL TECHNOLOGY
260 _bWHEELERS PUBLI. LTD.
_c1999
999 _c721397
_d721397